000 nam a22 7a 4500
999 _c15557
_d15557
008 161102b xxu||||| |||| 00| 0 eng d
020 _a9780618161058
050 _aPE 1117 .H68 2001
100 _aMifflin, Houghton
_d2001
245 _aHoughton Mifflin grade 1,Classroom management handbook:
_bIndependent activities/
_cHoughton Mifflin
260 _aBoston:
_bHoughton Mifflin Company,
_c2001.
300 _axvi,243p.:
_bill.;
521 _aIncludes index.
942 _2lcc
_cBOOKS
_hPE 1117 .H68 2001